000 00404nam a22001697a 4500
999 _c10887
_d10887
020 _a9789352500123
082 _22
_a616.65
_bTHO
100 _aThomas, Jayakar ED
245 _a Genital dermatoses /
_bBY Thomas, Jayakar
250 _a2ND
260 _aCLAYTON
_bJP
_c2016
300 _a232
_bILL
_c23CM
504 _aNIL
650 _aDermatology
700 _aBY Thomas, Jayakar
942 _2ddc
_cBK
_e2